| 000 | 02529cam a22005537a 4500 | ||
|---|---|---|---|
| 003 | CHAP | ||
| 005 | 20220329141355.0 | ||
| 008 | 971013s1989 r 00010 d | ||
| 010 | _a67209 | ||
| 011 | _a68181 | ||
| 035 | _a77653 | ||
| 040 | _cCHAP | ||
| 082 |
_a631.3 _bC7 |
||
| 100 | 0 | 0 |
_aCruz León, Artemio. _929466 |
| 245 | 1 | 4 | _aLos instrumentos agrícolas en la zona central de Veracruz |
| 260 |
_aMéxico : _bUACH, _c1989 |
||
| 300 |
_a267 p. _b: ilus. |
||
| 590 |
_aBATCH-UPD _b10 _c20130110 _lUCH01 _h0240 |
||
| 590 |
_aBATCH-UPD _b10 _c20130110 _lUCH01 _h1015 |
||
| 590 |
_aBATCH-UPD _b10 _c20130409 _lUCH01 _h2306 |
||
| 590 |
_aBATCH-UPD _b10 _c20130913 _lUCH01 _h2002 |
||
| 590 |
_aCONVERSION _b10 _c20130109 _lUCH01 _h1337 |
||
| 650 | 1 | 4 |
_aAgricultura _xAparatos e instrumentos. _91189 |
| 650 | 1 | 4 |
_aAgricultura _zVeracruz. _91941 |
| 650 | 1 | 4 |
_aMaquinaria agrícola _xHistoria. _971177 |
| 901 | _aBK | ||
| 942 | _cLIBRO | ||
| 949 |
_a631.3 C7 _bBC _cLIBRO _d33724000008975 _eLIBRO _fc.12 _h50649 _i77653 _si |
||
| 949 |
_a631.3 C7 _bBC _cLIBRO _d33724000057055 _eLIBRO _fc.2 _h75073 _i77653 _si |
||
| 949 |
_a631.3 C7 _bBC _cLIBRO _d33724000057063 _eLIBRO _fc.4 _h75075 _i77653 _si |
||
| 949 |
_a631.3 C7 _bBC _cLIBRO _d33724000057071 _eLIBRO _fc.5 _h75076 _i77653 _si |
||
| 949 |
_a631.3 C7 _bBC _cLIBRO _d33724000057089 _eLIBRO _fc.6 _h75077 _i77653 _si |
||
| 949 |
_a631.3 C7 _bBC _cLIBRO _d33724000057147 _eLIBRO _fc.8 _h75079 _i77653 _si |
||
| 949 |
_a631.3 C7 _bBC _cLIBRO _d33724000057154 _eLIBRO _fc.9 _h75080 _i77653 _si |
||
| 949 |
_a631.3 C7 _bBC _cLIBRO _d33724000057162 _eLIBRO _fc.10 _h75081 _i77653 _si |
||
| 949 |
_a631.3 C7 _bBC _cLIBRO _d33724000611729 _eLIBRO _fc.11 _gI.c/e _h76609 _i77653 _si _t28.00 |
||
| 949 |
_a631.3 C7 _bBC _cLIBRO _d33724000663720 _eLIBRO _fc.3 _h75074 _i77653 _si |
||
| 949 |
_a631.3 C7 _bBC _cLIBRO _d33724002056587 _eLIBRO _fc.7 _h75078 _i77653 _si |
||
| 949 |
_a631.3 C7 _bBC _cUACH _d33724000057048 _eUACH _h75072 _i77653 _si |
||
| 949 |
_a631.3 C7 _bDCF _cLIBRO _d-6088 _eLIBRO _h3580 _i77653 _si |
||
| 949 |
_a631.3 C7 _bIA _cLIBRO _d-3085 _eLIBRO _h3453 _i77653 _si |
||
| 949 |
_a631.3 C7 _bSR _cLIBRO _d-813 _eLIBRO _h10380 _i77653 _si |
||
| 949 |
_a631.3 C7 _bZA _cLIBRO _d-2961 _eLIBRO _h5343 _i77653 _si |
||
| 949 |
_a631.3 C78 _bCR _cLIBRO _d-45425 _eLIBRO _fc.2 _h2382 _i77653 _si |
||
| 949 |
_a631.3 C78 _bCR _cLIBRO _d-45426 _eLIBRO _fc.3 _h2383 _i77653 _si |
||
| 949 |
_a631.3 C78 _bCR _cLIBRO _d-45427 _eLIBRO _fc.4 _h2384 _i77653 _si |
||
| 949 |
_a631.3 C78 _bCR _cLIBRO _d-45429 _eLIBRO _fc.5 _h2385 _i77653 _si |
||
| 949 |
_a631.3 C78 _bCR _cLIBRO _d-791 _eLIBRO _h2381 _i77653 _si |
||
| 999 |
_c67209 _d67209 |
||